| 000 | 00641cab a22002175a 4500 | ||
|---|---|---|---|
| 001 | L157001 | ||
| 008 | 120809e20120203xxkd f 000 0 eng d | ||
| 035 | _a(Sirsi) u157001 | ||
| 041 | 0 | _aeng | |
| 100 | 1 | _aMaqbool, Assad | |
| 245 | 0 | 0 | _aIn top form |
| 260 | _c2012 | ||
| 490 | 0 |
_aBuilding _v277 (8739) 3 August 2012, 46-47(2) |
|
| 520 | _aExplains how PPC2000 or ACA's Standard Form of Project Partnering Contract is one of the contracts that facilitates BIM collaboration. | ||
| 590 | _aKA | ||
| 651 | 4 |
_aUnited Kingdom _y |
|
| 690 |
_aBIM _96219 |
||
| 690 |
_aProject management _96261 |
||
| 690 |
_aContracts _96232 |
||
| 942 | _n0 | ||
| 999 |
_c84226 _d84226 |
||